Evaluating Derivatives : Principles and Techniques of Algorithmic Differentiation /
Contiene: 1) Introducción; 2) Un marco para evaluar funciones; 3) Fundamentos de avance y retroceso; 4) Problemas de memoria y límites de complejidad; 5) Repitiendo y extendiendo el reverso; 6) Implementación y software; 7) Disperso hacia adelante y hacia atrás; 8) Explotación de la escasez mediante...
محفوظ في:
| المؤلف الرئيسي: | |
|---|---|
| مؤلفون آخرون: | |
| التنسيق: | كتاب |
| اللغة: | الإنجليزية |
| منشور في: |
Filadelfia, EUA :
Society for Industrial and Applied Mathematics,
2008, c2008
|
| الطبعة: | 2a edición |
| الموضوعات: | |
| الوسوم: |
لا توجد وسوم, كن أول من يضع وسما على هذه التسجيلة!
|
MARC
| LEADER | 00000nam^a2200000^a^4500 | ||
|---|---|---|---|
| 001 | 000578681 | ||
| 005 | 20250521000000.0 | ||
| 009 | 20260310132514.109 | ||
| 020 | |a 978-0-898716-59-7 | ||
| 037 | |a Acervo ITESO - Biblioteca | ||
| 041 | |a ING | ||
| 082 | |a 515. 33 |b GRI | ||
| 100 | |a Griewank, Andreas |e (autor) | ||
| 245 | 1 | 0 | |a Evaluating Derivatives : |b Principles and Techniques of Algorithmic Differentiation / |c A. Griewank, A. Walther. |
| 250 | |a 2a edición | ||
| 264 | 4 | |a Filadelfia, EUA : |b Society for Industrial and Applied Mathematics, |c 2008, c2008 | |
| 300 | |a XXI, 438 p. | ||
| 336 | |a texto |b txt |2 rdacontenido | ||
| 337 | |a sin mediación |b n |2 rdamedio | ||
| 338 | |a volumen |b nc |2 rdasoporte | ||
| 520 | |a Contiene: 1) Introducción; 2) Un marco para evaluar funciones; 3) Fundamentos de avance y retroceso; 4) Problemas de memoria y límites de complejidad; 5) Repitiendo y extendiendo el reverso; 6) Implementación y software; 7) Disperso hacia adelante y hacia atrás; 8) Explotación de la escasez mediante compresión; 9) Yendo más allá del avance y retroceso; 10) Acumulación jacobiana y hessiana; 11) Observaciones sobre la eficiencia; 12) Horarios de revisión y puntos de control; 13) Coeficientes de Taylor y tensoriales; 14) Diferenciación sin diferenciabilidad; 15) Diferenciación implícita e iterativa. | ||
| 521 | |a Peticiones 2024 | ||
| 649 | |a XX | ||
| 650 | |a Series de Taylor | ||
| 650 | |a Análisis Funcional | ||
| 650 | |a Cálculo de Variaciones | ||
| 650 | |a Diferenciación Ordinaria | ||
| 650 | |a Diferenciación Parcial | ||
| 650 | |a Cálculo Diferencial - |x Tema Principal | ||
| 650 | |a Cálculo | ||
| 650 | |a Análisis Matemático | ||
| 650 | |a Matemáticas | ||
| 700 | |a Walther, Andrea |e (autor) | ||
| 910 | |a Fondo General | ||
| 920 | |a Impresos - Libros | ||
| 930 | |a Colección General | ||
| 905 | |a 101 | ||
| 901 | |a 0500401626 |b IT1 |c ACC |i C185432 |u 20250521 | ||
| 902 | |a https://opac.biblio.iteso.mx/vufind/Record/000578681 | ||